Largest Cities Containing 'U' - Statistics

General Stats
  • This quiz has been taken 208 times
  • The average score is 15 of 20
Answer Stats
Population Country City % Correct
24,400,000 South Korea Seoul
99%
15,800,000 Argentina Buenos Aires
98%
14,300,000 Turkey Istanbul
96%
13,400,000 South Africa Johannesburg
96%
21,800,000 Brazil São Paulo
95%
23,200,000 India Mumbai
94%
47,700,000 China Guangzhou
92%
7,000,000 Malaysia Kuala Lumpur
91%
5,550,000 Sudan Khartoum
85%
5,450,000 Russia Saint Petersburg
82%
6,200,000 United States Houston
79%
6,800,000 Angola Luanda
79%
8,000,000 China Wuhan
65%
9,600,000 China Chengdu
59%
10,500,000 India Bengaluru
56%
6,100,000 India Pune
52%
5,950,000 Indonesia Bandung
49%
8,300,000 China Hangzhou
41%
7,950,000 China Shantou
31%
5,900,000 China Wenzhou
17%
No matching quizzes found
Score Distribution
Percent of People with Each Score
Percentile by Number Answered
Your Score History
You have not taken this quiz